Statistics for Place value - Sprint 30 sec

Click here to take the quiz!

General Stats

  • This quiz has been taken 8 times
  • The average score is 10 of 13

Answer Stats

PlaceValue (ones, tens, etc..)% Correct
4925282_37Hundred
100%
3_93846Hundred thousand
100%
2_592694Million
100%
16983_One
100%
1593278_2Ten
100%
27_5555Ten thousand
100%
4839253_247Thousand
100%
2_9383184Ten million
75%
2_927491704Billion
50%
2_93727037Hundred million
50%
2_9482702584Ten billion
50%
2_19482893168Hundred billion
25%
2_382701480456Trillion
25%

Score Distribution

Percentile by Number Answered

Percent of People with Each Score

Your Score History

You have not taken this quiz